000
00205nam a22000857a 4500
008
170616b xxu||||| |||| 00| 0 eng d
100
_9
3436
_a
Bijlani. R
245
_a
Our Body
260
_a
New Delhi
_b
N. B. T
_c
2008
999
_c
6811
_d
6811